| 000 | 00578nam a2200181Ia 4500 | ||
|---|---|---|---|
| 008 | 151202s9999||||xx |||||||||||||| ||und|| | ||
| 082 | _bPNVM-44598 | ||
| 100 | _aदातार सुषमा. | ||
| 245 | _aसंवादविश्व. | ||
| 260 | _b"संवाद विश्व प्रकाशन,पुणे." | ||
| 260 | _c2001 | ||
| 300 | _a224 | ||
| 600 | _aदातार सुषमा. | ||
| 630 | _aसंवादविश्व. | ||
| 700 | _aदातार सुषमा. | ||
| 730 | _aसंवादविश्व. | ||
| 942 | _cBOOK | ||
| 999 |
_c1310550 _d1310547 |
||